[Event "Frauenbundesliga 2011-12"]
[Site "Germany GER"]
[Date "2011.10.29"]
[Round "1.6"]
[White "Demidowicz, Maria"]
[Black "Zhang, Fan"]
[Result "1/2-1/2"]
[WhiteElo "2077"]
[BlackElo "2097"]
[PlyCount "97"]
[EventDate "2011.10.29"]
[EventType "team-tourn"]
[EventCountry "GER"]
[WhiteTeam "SV Chemie Guben 1990"]
[BlackTeam "Schachverein Muelheim Nord 1931"]
[WhiteTeamCountry "GER"]
[BlackTeamCountry "GER"]

1. e4 e6 2. d4 d5 3. Nc3 Nf6 4. Bg5 Bb4 5. e5 h6 6. Bd2 Bxc3 7. bxc3 Ne4 8. Bd3
Nxd2 9. Qxd2 c5 10. Nf3 Qa5 11. O-O b6 12. Qe3 Nd7 13. c4 Bb7 14. cxd5 cxd4 15.
Qxd4 Qxd5 16. Qf4 g5 17. Qg3 g4 18. Qxg4 O-O-O 19. Bc4 Qc6 20. Be2 Rhg8 21. Qf4
Rg5 22. h4 Rxe5 23. Rfe1 Rg8 24. Qxf7 Rf8 25. Qg7 Rxe2 26. Rxe2 Rxf3 27. Rd1
Rf7 28. Qg8+ Rf8 29. Qg7 Rf7 30. Qg8+ Rf8 31. Qg7 Rd8 32. Red2 Kc7 33. Rd3 Ba6
34. Rd6 Qxd6 35. Rxd6 Kxd6 36. Qxh6 Rg8 37. Qf4+ Ke7 38. g4 Be2 39. g5 Bh5 40.
Qe4 Bg6 41. Qe2 Rh8 42. Qc4 a5 43. Kg2 Rh7 44. Kg3 Rf7 45. Qc8 Rf8 46. Qc3 Rf7
47. Qc8 Rf8 48. Qc3 Rf7 49. Qc8 1/2-1/2

[Event "Frauenbundesliga 2011-12"]
[Site "Germany GER"]
[Date "2011.10.29"]
[Round "1.1"]
[White "Seps, Monika"]
[Black "Kononenko, Tatiana"]
[Result "0-1"]
[WhiteElo "2198"]
[BlackElo "2375"]
[PlyCount "96"]
[EventDate "2011.10.29"]
[EventType "team-tourn"]
[EventCountry "GER"]
[WhiteTeamCountry "GER"]
[BlackTeamCountry "GER"]

1. d4 d5 2. Nf3 Nf6 3. c4 c6 4. Nc3 a6 5. a4 e6 6. g3 Be7 7. Bg2 O-O 8. O-O a5
9. Bf4 Na6 10. Qc1 Nb4 11. Rd1 b6 12. b3 Bb7 13. Qb2 Bd6 14. Rac1 Bxf4 15. gxf4
Qe7 16. e3 Rfd8 17. Ne5 Rac8 18. cxd5 exd5 19. Bh3 Rc7 20. Kh1 Bc8 21. Bxc8
Rdxc8 22. Qe2 Ne4 23. Nxe4 dxe4 24. Rg1 f6 25. Nc4 b5 26. Nb2 bxa4 27. Nxa4 Nd3
28. Rc5 Nxc5 29. Nxc5 Kh8 30. f5 Qd6 31. Qh5 Re7 32. Rg4 Qd5 33. Rh4 h6 34. Qg6
Qf7 35. Qg4 Rb8 36. Qf4 Rxb3 37. Nxb3 Qxb3 38. Kg2 a4 39. Qd6 Qb7 40. Qd8+ Kh7
41. Qd6 Rd7 42. Qf8 Re7 43. Rg4 a3 44. Kh3 a2 45. Rg1 Qd7 46. Kh4 Re8 47. Qc5
Rb8 48. Ra1 Rb5 0-1

[Event "Frauenbundesliga 2011-12"]
[Site "Germany GER"]
[Date "2011.10.29"]
[Round "1.2"]
[White "Madl, Ildiko"]
[Black "Jussupow, Ekaterina"]
[Result "1/2-1/2"]
[WhiteElo "2399"]
[BlackElo "2162"]
[PlyCount "147"]
[EventDate "2011.10.29"]
[EventType "team-tourn"]
[EventCountry "GER"]
[WhiteTeam "USV Volksbank Halle"]
[BlackTeam "SV Stuttgart Wolfbusch 1956"]
[WhiteTeamCountry "GER"]
[BlackTeamCountry "GER"]

1. e4 e5 2. Nf3 Nc6 3. Bb5 a6 4. Ba4 Nf6 5. O-O Be7 6. Re1 b5 7. Bb3 O-O 8. h3
d5 9. exd5 Nxd5 10. Nxe5 Nd4 11. d3 Bb7 12. Bd2 Bd6 13. Nc3 Nxc3 14. bxc3 Nxb3
15. axb3 Qf6 16. Qh5 g6 17. Ng4 Qxf2+ 18. Kxf2 gxh5 19. Nf6+ Kh8 20. Bh6 Rfd8
21. Nxh5 Rg8 22. g3 a5 23. Be3 Be5 24. d4 Bd6 25. Bf4 a4 26. bxa4 bxa4 27. Bxd6
cxd6 28. c4 Bc6 29. d5 Rg5 30. g4 Bd7 31. Re7 Bf5 32. Ra2 a3 33. Re3 Bxc2 34.
Rexa3 Rxa3 35. Rxa3 f5 36. Kg3 fxg4 37. Kh4 Rg8 38. hxg4 Rf8 39. Ra6 Bd3 40.
Rc6 Kg8 41. Kg5 Be2 42. Ng3 h6+ 43. Kh5 Bf3 44. Kxh6 Bxg4 45. Rxd6 Kf7 46. Kg5
Ke7 47. Rg6 Bc8 48. c5 Rf3 49. Kh6 Rf6 50. Ne4 Rf4 51. Nd6 Bh3 52. Rg3 Rh4+ 53.
Kg5 Rd4 54. Rxh3 Rxd5+ 55. Nf5+ Kd7 56. Kf6 Rxc5 57. Rd3+ Kc6 58. Ke6 Rc1 59.
Nd4+ Kc7 60. Kd5 Rh1 61. Rc3+ Kd7 62. Ke5 Re1+ 63. Kf6 Kd6 64. Rd3 Kc5 65. Nf3
Rh1 66. Ke5 Rh5+ 67. Ke4 Rh8 68. Rd5+ Kc4 69. Ne5+ Kc3 70. Rc5+ Kb3 71. Nf3 Kb4
72. Rc7 Kb5 73. Nd4+ Kb4 74. Kd5 1/2-1/2

[Event "Frauenbundesliga 2011-12"]
[Site "Germany GER"]
[Date "2011.10.29"]
[Round "1.3"]
[White "Haecker, Sonja"]
[Black "Melamed, Tetyana"]
[Result "0-1"]
[WhiteElo "2070"]
[BlackElo "2342"]
[PlyCount "60"]
[EventDate "2011.10.29"]
[EventType "team-tourn"]
[EventCountry "GER"]
[WhiteTeamCountry "GER"]
[BlackTeamCountry "GER"]

1. e4 c5 2. Nc3 Nc6 3. g3 g6 4. Bg2 Bg7 5. d3 d6 6. f4 e6 7. Nf3 Nge7 8. O-O
O-O 9. Be3 b6 10. d4 Ba6 11. Rf2 Qc7 12. Rd2 Rad8 13. Bf2 Na5 14. Qc1 cxd4 15.
Nxd4 e5 16. Ndb5 Bxb5 17. Nxb5 Qc6 18. Nxa7 Qd7 19. Bxb6 Nc4 20. Bxd8 Qxa7+ 21.
Rf2 Rxd8 22. c3 Ne3 23. Bf3 exf4 24. gxf4 Bh6 25. Be2 d5 26. e5 N7f5 27. Kh1
Nc2 28. Qxc2 Qxf2 29. Rf1 Qh4 30. Qd3 Bxf4 0-1

[Event "Frauenbundesliga 2011-12"]
[Site "Germany GER"]
[Date "2011.10.29"]
[Round "1.4"]
[White "Sharevich, Anna"]
[Black "Stitterich, Nadine"]
[Result "1/2-1/2"]
[WhiteElo "2257"]
[BlackElo "2008"]
[PlyCount "102"]
[EventDate "2011.10.29"]
[EventType "team-tourn"]
[EventCountry "GER"]
[WhiteTeam "USV Volksbank Halle"]
[BlackTeam "SV Stuttgart Wolfbusch 1956"]
[WhiteTeamCountry "GER"]
[BlackTeamCountry "GER"]

1. d4 d5 2. c4 c6 3. Nf3 e6 4. Qc2 Nf6 5. Nbd2 Nbd7 6. g3 Bd6 7. Bg2 O-O 8. O-O
e5 9. cxd5 cxd5 10. dxe5 Nxe5 11. Nxe5 Bxe5 12. Nf3 Qc7 13. Qd3 Bg4 14. h3 Bxf3
15. Bxf3 Qb6 16. Rb1 Rad8 17. Be3 d4 18. Bd2 Rfe8 19. Bg2 Nd7 20. b4 Bf6 21.
Bf4 Ne5 22. Bxe5 Bxe5 23. Rfc1 Bf6 24. a4 Qe6 25. Rc2 b6 26. b5 Be7 27. Bc6 Rf8
28. Kg2 Bc5 29. a5 Rc8 30. axb6 Bxb6 31. Rbc1 Qe5 32. h4 Rcd8 33. Qe4 Qxe4+ 34.
Bxe4 g6 35. Rc6 Rde8 36. Bd3 Kg7 37. g4 Re6 38. Rxe6 fxe6 39. Rc6 Re8 40. Rd6
Re7 41. f4 Rf7 42. Rxe6 Rxf4 43. Re7+ Kf6 44. Rxh7 Rxg4+ 45. Kf3 Rg1 46. Kf4
Rf1+ 47. Kg3 Rg1+ 48. Kf2 Rg4 49. Kf3 Rg1 50. Ke4 Rc1 51. Kf3 Rg1 1/2-1/2

[Event "Frauenbundesliga 2011-12"]
[Site "Germany GER"]
[Date "2011.10.29"]
[Round "1.5"]
[White "Erben, Larissa"]
[Black "Lakos, Nikoletta"]
[Result "0-1"]
[WhiteElo "2035"]
[BlackElo "2278"]
[PlyCount "58"]
[EventDate "2011.10.29"]
[EventType "team-tourn"]
[EventCountry "GER"]
[WhiteTeamCountry "GER"]
[BlackTeamCountry "GER"]

1. e4 c5 2. Nf3 e6 3. d4 cxd4 4. Nxd4 Nf6 5. Nc3 d6 6. g4 h6 7. h4 Nc6 8. Rg1
d5 9. Bb5 Bd7 10. exd5 Nxd5 11. Nxd5 exd5 12. Be3 Be7 13. Qd2 a6 14. Bxc6 bxc6
15. O-O-O Bxh4 16. Nf5 Bxf5 17. gxf5 Bf6 18. Bc5 Rb8 19. b3 Rb5 20. b4 Qb8 21.
Rde1+ Kd7 22. c4 Rxc5 23. bxc5 Rd8 24. cxd5 Qb5 25. dxc6+ Kxc6 26. Qc2 Rd5 27.
a4 Qb4 28. Re4 Qa3+ 29. Kb1 Qa1# 0-1

[Event "Frauenbundesliga 2011-12"]
[Site "Germany GER"]
[Date "2011.10.29"]
[Round "1.6"]
[White "Straub, Natalia"]
[Black "Djalalova, Nigora"]
[Result "1-0"]
[WhiteElo "2205"]
[BlackElo "2013"]
[PlyCount "121"]
[EventDate "2011.10.29"]
[EventType "team-tourn"]
[EventCountry "GER"]
[WhiteTeam "USV Volksbank Halle"]
[BlackTeam "SV Stuttgart Wolfbusch 1956"]
[WhiteTeamCountry "GER"]
[BlackTeamCountry "GER"]

1. d4 Nf6 2. c4 g6 3. g3 Bg7 4. Bg2 O-O 5. Nc3 d6 6. Nf3 c6 7. O-O Qa5 8. h3 e5
9. dxe5 dxe5 10. Qa4 Qxa4 11. Nxa4 Nbd7 12. Nd2 Rb8 13. Nb3 Re8 14. Be3 e4 15.
Nd2 b6 16. Nc3 Ba6 17. Rac1 Rbd8 18. b3 Nc5 19. Rfd1 Bf8 20. b4 Ncd7 21. a3 c5
22. Ndxe4 cxb4 23. axb4 Bxb4 24. Nxf6+ Nxf6 25. Nb5 Bxb5 26. cxb5 Rc8 27. Bc6
Red8 28. Rxd8+ Rxd8 29. Ra1 Ba5 30. Bg5 Kg7 31. e4 h6 32. Bf4 Ng8 33. Bc7 Rc8
34. Be5+ f6 35. Bb2 Rd8 36. e5 Kf7 37. exf6 Nxf6 38. Ra3 Rd2 39. Be5 Rd1+ 40.
Kg2 Nd7 41. Rf3+ Ke6 42. Bg7 Ne5 43. Re3 Re1 44. Rxe1 Bxe1 45. Be4 Kd6 46. f4
Nc4 47. Bxg6 Kc5 48. Be8 Nd6 49. Bf8 Bb4 50. Kf3 Kc4 51. Bxd6 Bxd6 52. Ke4 Bf8
53. g4 Be7 54. Ke5 Kc5 55. Ke6 Bf8 56. f5 Kd4 57. h4 Ke4 58. g5 hxg5 59. hxg5
Kf4 60. g6 Kg5 61. f6 1-0

[Event "Frauenbundesliga 2011-12"]
[Site "Germany GER"]
[Date "2011.10.30"]
[Round "2.1"]
[White "Majdan Gajewska, Joanna"]
[Black "Michna, Marta"]
[Result "1/2-1/2"]
[WhiteElo "2386"]
[BlackElo "2396"]
[PlyCount "46"]
[EventDate "2011.10.29"]
[EventType "team-tourn"]
[EventCountry "GER"]
[WhiteTeamCountry "GER"]
[BlackTeamCountry "GER"]

1. e4 e6 2. d4 d5 3. Nd2 Nf6 4. e5 Nfd7 5. c3 c5 6. Bd3 b6 7. Ndf3 Ba6 8. Bxa6
Nxa6 9. Qe2 Nc7 10. Nh3 Be7 11. Nf4 Qc8 12. h4 Qa6 13. Qe3 h6 14. Nh5 Rh7 15.
Rh3 O-O-O 16. Nf4 g6 17. g4 Kb8 18. Bd2 Rc8 19. Qe2 Qxe2+ 20. Kxe2 Rhh8 21. a4
a5 22. Nd3 Kb7 23. Nfe1 Na6 1/2-1/2

[Event "Frauenbundesliga 2011-12"]
[Site "Germany GER"]
[Date "2011.10.30"]
[Round "2.2"]
[White "Hoolt, Sarah"]
[Black "Doluhanova, Evgeniya"]
[Result "1-0"]
[WhiteElo "2286"]
[BlackElo "2250"]
[PlyCount "73"]
[EventDate "2011.10.29"]
[EventType "team-tourn"]
[EventCountry "GER"]
[WhiteTeam "Hamburger SK von 1830"]
[BlackTeam "SV Chemie Guben 1990"]
[WhiteTeamCountry "GER"]
[BlackTeamCountry "GER"]

1. e4 c5 2. Nf3 d6 3. d4 cxd4 4. Nxd4 Nf6 5. Nc3 a6 6. Be2 e5 7. Nb3 Be7 8. O-O
O-O 9. a4 Be6 10. Bf3 Qc7 11. Re1 Nbd7 12. a5 Rac8 13. Be3 Rfd8 14. Nd2 h6 15.
Nf1 Bf8 16. h3 Nc5 17. Ng3 b6 18. axb6 Qxb6 19. Na4 Qb7 20. b3 Nxa4 21. Rxa4 d5
22. exd5 Bxd5 23. Bxd5 Nxd5 24. Qg4 Nxe3 25. Rxe3 Rxc2 26. Nf5 g6 27. Rxe5 Rc1+
28. Kh2 Qc7 29. f4 Qb6 30. Ne3 Rd3 31. Qe2 Qxb3 32. Rxa6 Qb4 33. Nd5 Qc4 34.
Ra8 Kg7 35. Rxf8 Rxd5 36. Rxf7+ Kxf7 37. Re7+ 1-0

[Event "Frauenbundesliga 2011-12"]
[Site "Germany GER"]
[Date "2011.10.30"]
[Round "2.3"]
[White "Jaracz, Barbara"]
[Black "Fuchs, Judith"]
[Result "1-0"]
[WhiteElo "2272"]
[BlackElo "2217"]
[PlyCount "117"]
[EventDate "2011.10.29"]
[EventType "team-tourn"]
[EventCountry "GER"]
[WhiteTeamCountry "GER"]
[BlackTeamCountry "GER"]

1. e4 c6 2. c4 d5 3. exd5 cxd5 4. cxd5 Nf6 5. Nc3 Nxd5 6. Nf3 e6 7. d4 Nc6 8.
Bd3 Be7 9. O-O O-O 10. Re1 b6 11. Nxd5 exd5 12. Bxh7+ Kxh7 13. Qc2+ Kg8 14.
Qxc6 Be6 15. Bf4 Re8 16. Qa4 Qd7 17. Qxd7 Bxd7 18. Rac1 Be6 19. Rc7 Bd8 20. Rc3
Be7 21. a3 Rac8 22. Rec1 Rxc3 23. Rxc3 Rc8 24. Rxc8+ Bxc8 25. Bb8 a6 26. Ne5
Bf6 27. f4 Bxe5 28. dxe5 Kh7 29. Ba7 b5 30. Kf2 Kg6 31. Kf3 f6 32. exf6 Kxf6
33. Bd4+ Kf7 34. g4 b4 35. axb4 Bd7 36. h4 g6 37. Kg3 Bc8 38. h5 gxh5 39. gxh5
Bf5 40. Kh4 Ke6 41. Kg5 Be4 42. Kh6 Kf7 43. Kg5 Ke6 44. Kg4 Bf5+ 45. Kf3 Bc2
46. h6 Bh7 47. Ke3 Kf5 48. Be5 Kg6 49. Bg7 Kf5 50. Bf8 Kg4 51. Bg7 Kf5 52. Kd4
Kxf4 53. Kxd5 Kf5 54. Kc5 Ke6 55. b5 axb5 56. Kxb5 Kd5 57. b4 Kd6 58. Bf8+ Kc7
59. Kc5 1-0

[Event "Frauenbundesliga 2011-12"]
[Site "Germany GER"]
[Date "2011.10.30"]
[Round "2.4"]
[White "Dolgova, Olga"]
[Black "Fojudzka, Anna"]
[Result "1-0"]
[WhiteElo "2206"]
[BlackElo "2205"]
[PlyCount "111"]
[EventDate "2011.10.29"]
[EventType "team-tourn"]
[EventCountry "GER"]
[WhiteTeam "Hamburger SK von 1830"]
[BlackTeam "SV Chemie Guben 1990"]
[WhiteTeamCountry "GER"]
[BlackTeamCountry "GER"]

1. d4 Nf6 2. c4 g6 3. Nc3 Bg7 4. e4 d6 5. Be2 O-O 6. Bg5 h6 7. Be3 e5 8. Nf3
Nc6 9. h3 Re8 10. d5 Nd4 11. g4 c6 12. Nxd4 exd4 13. Bxd4 Nxe4 14. Bxg7 Kxg7
15. Qd4+ Qf6 16. Qxf6+ Kxf6 17. Nxe4+ Rxe4 18. dxc6 bxc6 19. Rd1 d5 20. f3 Re7
21. Kf2 Ba6 22. b3 Rae8 23. Bd3 Re3 24. Be4 Rc3 25. cxd5 cxd5 26. Rxd5 Re6 27.
Rd7 Re7 28. Rhd1 Bc8 29. R1d6+ Re6 30. Rxe6+ Kxe6 31. Rxa7 f5 32. gxf5+ gxf5
33. Ba8 Ke5 34. Ra5+ Kf4 35. Ra4+ Ke5 36. Kg3 Rd3 37. Ra5+ Kf6 38. Rc5 Be6 39.
b4 Rd4 40. a3 f4+ 41. Kf2 Rd2+ 42. Ke1 Ra2 43. Ra5 Bxh3 44. Be4 Be6 45. Kd1 h5
46. Rxh5 Rxa3 47. Kc2 Ke7 48. b5 Ra5 49. Kc3 Ra4 50. b6 Rc4+ 51. Kd3 Rb4 52. b7
Kd6 53. Rh8 Kc7 54. Rf8 Rb5 55. Kd4 Rb4+ 56. Ke5 1-0

[Event "Frauenbundesliga 2011-12"]
[Site "Germany GER"]
[Date "2011.10.30"]
[Round "2.5"]
[White "Sikorska, Agata"]
[Black "Hegeler, Anja"]
[Result "1-0"]
[WhiteElo "2092"]
[BlackElo "2178"]
[PlyCount "63"]
[EventDate "2011.10.29"]
[EventType "team-tourn"]
[EventCountry "GER"]
[WhiteTeamCountry "GER"]
[BlackTeamCountry "GER"]

1. e4 e6 2. d4 d5 3. Nc3 Nf6 4. exd5 exd5 5. Bd3 Nc6 6. Nge2 Nb4 7. Bg5 Be7 8.
f3 Nh5 9. Be3 c6 10. Bf2 Bd6 11. g4 Nf4 12. Nxf4 Bxf4 13. Ne2 Bd6 14. c3 Nxd3+
15. Qxd3 h5 16. O-O-O hxg4 17. Rde1 Be6 18. Ng3 Qf6 19. Nf5 Bf4+ 20. Be3 Bxe3+
21. Rxe3 O-O-O 22. fxg4 g6 23. Ng3 Bxg4 24. Rf1 Qg5 25. Rxf7 Rxh2 26. Nf1 Re2
27. Kb1 Re8 28. Qxe2 Rd8 29. Qf2 Bf5+ 30. Ka1 Qh5 31. Re1 Be6 32. Rf8 1-0

[Event "Frauenbundesliga 2011-12"]
[Site "Germany GER"]
[Date "2011.10.30"]
[Round "2.6"]
[White "Schmidt, Jade"]
[Black "Demidowicz, Maria"]
[Result "1/2-1/2"]
[WhiteElo "2098"]
[BlackElo "2077"]
[PlyCount "81"]
[EventDate "2011.10.29"]
[EventType "team-tourn"]
[EventCountry "GER"]
[WhiteTeam "Hamburger SK von 1830"]
[BlackTeam "SV Chemie Guben 1990"]
[WhiteTeamCountry "GER"]
[BlackTeamCountry "GER"]

1. d4 Nf6 2. c4 g6 3. Nc3 Bg7 4. e4 O-O 5. f3 c5 6. dxc5 b6 7. Be3 bxc5 8. Bxc5
Nc6 9. Qd2 Bb7 10. Be3 d6 11. Rd1 Qc8 12. Nh3 Rd8 13. Be2 e6 14. Bg5 Ne5 15. b3
Qc5 16. Nf2 Rd7 17. f4 Nc6 18. Na4 Qa3 19. O-O Rad8 20. Bf3 e5 21. Nd3 Nd4 22.
Qf2 h6 23. fxe5 Nxf3+ 24. gxf3 dxe5 25. Bc1 Qe7 26. Nac5 Rd6 27. Nxb7 Qxb7 28.
Nb2 Rxd1 29. Rxd1 Rxd1+ 30. Nxd1 Nh5 31. Nc3 Nf4 32. Bxf4 exf4 33. Nd5 Qd7 34.
Kf1 g5 35. Ke2 g4 36. fxg4 Qxg4+ 37. Qf3 Qg1 38. Qxf4 Qg2+ 39. Kd3 Qxa2 40.
Qb8+ Kh7 41. Ke3 1/2-1/2

[Event "Frauenbundesliga 2011-12"]
[Site "Germany GER"]
[Date "2011.10.30"]
[Round "2.1"]
[White "Ohme, Melanie"]
[Black "Schmidt, Jessica"]
[Result "1/2-1/2"]
[WhiteElo "2344"]
[BlackElo "2265"]
[PlyCount "162"]
[EventDate "2011.10.29"]
[EventType "team-tourn"]
[EventCountry "GER"]
[WhiteTeamCountry "GER"]
[BlackTeamCountry "GER"]

1. e4 e5 2. Nf3 Nc6 3. Bb5 a6 4. Ba4 Nf6 5. d3 d6 6. c3 Be7 7. O-O O-O 8. Nbd2
b5 9. Bc2 d5 10. Qe2 Bb7 11. Re1 dxe4 12. dxe4 Bc8 13. Nf1 Be6 14. Ne3 Ng4 15.
Rd1 Qb8 16. Nd5 Bc5 17. Rf1 Kh8 18. h3 Nf6 19. Bg5 Ng8 20. a4 Qb7 21. b4 Bd6
22. Rfd1 h6 23. Be3 Nce7 24. Nxe7 Nxe7 25. Nh4 Ng8 26. Qf3 Rad8 27. Nf5 Bxf5
28. Qxf5 Ne7 29. Qh5 Ng8 30. Qe2 Nf6 31. Qf3 Ng8 32. g4 Qc6 33. Ra3 Be7 34.
Rxd8 Bxd8 35. Qe2 Be7 36. Bd3 Rd8 37. axb5 axb5 38. f3 Rb8 39. Qa2 Qd7 40. Be2
Bg5 41. Bf2 Bf4 42. Ra7 Nf6 43. c4 bxc4 44. Qxc4 Ne8 45. b5 Qd2 46. Ra2 Qc1+
47. Qxc1 Bxc1 48. Bc5 Kg8 49. Kf2 Bg5 50. Bc4 h5 51. Ke2 hxg4 52. hxg4 Rd8 53.
Bd5 Nd6 54. Rb2 Be7 55. Be3 Rb8 56. Bc6 Nc4 57. Ba7 Rd8 58. Rc2 Nd6 59. Bf2 Rb8
60. Kd3 Rd8 61. Kc3 Rb8 62. Rb2 g6 63. Bg3 f6 64. g5 Kg7 65. Kd3 Rd8 66. Ke2
Nf7 67. gxf6+ Kxf6 68. Bh4+ g5 69. Bf2 Nh8 70. Be3 Ng6 71. Kf2 Nf4 72. Kg3 Rd3
73. Bf2 Rd8 74. Be3 Rd3 75. Ba7 Ra3 76. Bg1 Ra1 77. Kh2 Rf1 78. Rb3 Rc1 79. Rb2
Rf1 80. Rb3 Rc1 81. Rb2 Rf1 1/2-1/2

[Event "Frauenbundesliga 2011-12"]
[Site "Germany GER"]
[Date "2011.10.30"]
[Round "2.2"]
[White "Mader, Manuela"]
[Black "Levushkina, Elena"]
[Result "1-0"]
[WhiteElo "2190"]
[BlackElo "2324"]
[PlyCount "69"]
[EventDate "2011.10.29"]
[EventType "team-tourn"]
[EventCountry "GER"]
[WhiteTeam "Karlsruher SF 1853"]
[BlackTeam "Sfr 1891 Friedberg"]
[WhiteTeamCountry "GER"]
[BlackTeamCountry "GER"]

1. d4 g6 2. c4 f5 3. Nc3 Nf6 4. f3 Bg7 5. e4 fxe4 6. fxe4 d6 7. Nf3 O-O 8. Bg5
Bg4 9. Qd3 Nc6 10. Qe3 e5 11. dxe5 Nxe5 12. Nxe5 dxe5 13. h3 Be6 14. Be2 Qd4
15. Rd1 Qb6 16. O-O Nd7 17. Nb5 Rfc8 18. b4 Qxe3+ 19. Bxe3 a6 20. Nc3 Re8 21.
Nd5 Bxd5 22. exd5 e4 23. c5 Ne5 24. d6 cxd6 25. Rxd6 Rac8 26. Bd1 Rc7 27. Bb3+
Kh8 28. Bf4 Rce7 29. Bg5 Rc7 30. Ba4 Ra8 31. Re6 Rcc8 32. Re7 Nc6 33. Rxb7 Bd4+
34. Kh1 Nd8 35. Rf8# 1-0

[Event "Frauenbundesliga 2011-12"]
[Site "Germany GER"]
[Date "2011.10.30"]
[Round "2.5"]
[White "Genova, Lyubka"]
[Black "Brendel, Bergit"]
[Result "0-1"]
[WhiteElo "2259"]
[BlackElo "2119"]
[PlyCount "128"]
[EventDate "2011.10.29"]
[EventType "team-tourn"]
[EventCountry "GER"]
[WhiteTeamCountry "GER"]
[BlackTeamCountry "GER"]

1. e4 Nf6 2. e5 Nd5 3. d4 d6 4. c4 Nb6 5. exd6 exd6 6. Nc3 c6 7. b3 Be7 8. Be3
Bf5 9. Nf3 N8d7 10. Be2 O-O 11. O-O h6 12. a4 a5 13. d5 c5 14. Nb5 Nb8 15. Bd2
N6d7 16. Rc1 Na6 17. Bf4 Nf6 18. Bd3 Bxd3 19. Qxd3 Nb4 20. Qf5 g6 21. Qb1 Kh7
22. Rce1 Ne8 23. Re2 Bf6 24. Rfe1 Ra6 25. Nd2 Bg5 26. Bg3 Bxd2 27. Rxd2 Nc7 28.
Nxc7 Qxc7 29. Rde2 Qc8 30. Re7 Rb6 31. Qe4 Qf5 32. Qxf5 gxf5 33. R1e6 Nd3 34.
Rxd6 Rxb3 35. h3 Rb4 36. Rdd7 Rxc4 37. Bd6 Rc1+ 38. Kh2 Nxf2 39. Re2 Rh1+ 40.
Kg3 Ne4+ 41. Rxe4 Rg8+ 42. Kf2 fxe4 43. Bxc5 Kg6 44. Rxb7 Rd8 45. d6 Rc1 46.
Rb5 f5 47. Ke3 Kg5 48. g4 Rc3+ 49. Kd4 Rd3+ 50. Kc4 Rc8 51. gxf5 Rxd6 52. Kb3
Rd3+ 53. Kc4 Rd1 54. Kb3 Rb1+ 55. Ka2 Rxb5 56. Be3+ Kxf5 57. axb5 Rc4 58. b6
Rb4 59. Ka3 h5 60. Bc5 Rb1 61. Ka4 Kf4 62. Kxa5 e3 63. Bb4 Rxb4 64. Kxb4 e2 0-1

[Event "Frauenbundesliga 2011-12"]
[Site "Germany GER"]
[Date "2011.10.30"]
[Round "2.6"]
[White "Scheynin, Julia"]
[Black "Janotta, Steffi"]
[Result "1-0"]
[WhiteElo "2011"]
[BlackElo "2036"]
[PlyCount "55"]
[EventDate "2011.10.29"]
[EventType "team-tourn"]
[EventCountry "GER"]
[WhiteTeam "Karlsruher SF 1853"]
[BlackTeam "Sfr 1891 Friedberg"]
[WhiteTeamCountry "GER"]
[BlackTeamCountry "GER"]

1. Nf3 d5 2. d3 Nf6 3. Nbd2 Bf5 4. g3 e6 5. Bg2 Be7 6. O-O O-O 7. Qe1 h6 8. e4
Bh7 9. Qe2 c6 10. Ne5 a5 11. Kh1 Na6 12. Ng4 a4 13. Nxf6+ Bxf6 14. e5 Be7 15.
a3 Qc7 16. f4 c5 17. c4 dxc4 18. dxc4 Rfd8 19. Ne4 Rd4 20. Bd2 Nb8 21. Bc3 Rd7
22. Qf2 Bxe4 23. Bxe4 Nc6 24. f5 Bf8 25. fxe6 fxe6 26. Rae1 Na5 27. Qe2 Qd8 28.
Qg4 1-0

[Event "Frauenbundesliga 2011-12"]
[Site "Germany GER"]
[Date "2011.10.30"]
[Round "2.2"]
[White "Kachiani Gersinska, Ketino"]
[Black "Frey, Alisa"]
[Result "1/2-1/2"]
[WhiteElo "2319"]
[BlackElo "2104"]
[PlyCount "82"]
[EventDate "2011.10.29"]
[EventType "team-tourn"]
[EventCountry "GER"]
[WhiteTeam "OSG Baden Baden"]
[BlackTeam "TSV Schott Mainz"]
[WhiteTeamCountry "GER"]
[BlackTeamCountry "GER"]

1. Nf3 Nf6 2. c4 g6 3. Nc3 d5 4. cxd5 Nxd5 5. g3 Bg7 6. Bg2 O-O 7. O-O c5 8.
Qb3 Nb6 9. d3 Be6 10. Qd1 Nc6 11. Ng5 Bg4 12. h3 Bd7 13. Nge4 c4 14. Nc5 Bc8
15. Be3 cxd3 16. exd3 Nd7 17. d4 Nxc5 18. dxc5 Qa5 19. Qc1 Nd4 20. Rd1 Qxc5 21.
Kh2 e5 22. Nd5 Qxc1 23. Raxc1 Rb8 24. Ne7+ Kh8 25. Rxc8 Rfxc8 26. Nxc8 Rxc8 27.
Bxb7 Rc2 28. Rc1 Rxc1 29. Bxc1 f5 30. f3 Bf8 31. b3 Kg7 32. Bb2 Kf7 33. f4 Bg7
34. fxe5 Bxe5 35. Kg2 Kf6 36. Bxd4 Bxd4 37. Kf3 Ke5 38. Ba6 Bc5 39. Bc4 g5 40.
Bf7 h6 41. Bg6 Bb4 1/2-1/2

[Event "Frauenbundesliga 2011-12"]
[Site "Germany GER"]
[Date "2011.10.30"]
[Round "2.3"]
[White "Schlein, Julia"]
[Black "Arakhamia Grant, Ketevan"]
[Result "0-1"]
[WhiteElo "2157"]
[BlackElo "2456"]
[PlyCount "124"]
[EventDate "2011.10.29"]
[EventType "team-tourn"]
[EventCountry "GER"]
[WhiteTeamCountry "GER"]
[BlackTeamCountry "GER"]

1. d4 Nf6 2. c4 c5 3. d5 e5 4. Nc3 d6 5. Bg5 Be7 6. e4 Nbd7 7. Be2 Nf8 8. h4 h6
9. Be3 h5 10. Qd2 Ng4 11. Bxg4 Bxg4 12. g3 a6 13. f3 Bd7 14. Nge2 b5 15. b3 g6
16. a4 bxc4 17. bxc4 Rb8 18. O-O f5 19. f4 Bf6 20. fxe5 Bxe5 21. Bf4 Qe7 22.
Rae1 Bc8 23. exf5 gxf5 24. Bxe5 dxe5 25. Nf4 Kd8 26. Ne6+ Bxe6 27. dxe6+ Ke8
28. Rxe5 Qg7 29. Re3 Qd4 30. Qe1 Rg8 31. Rxf5 Rb2 32. Rf2 Rxf2 33. Qxf2 Rg7 34.
Kh2 Ng6 35. Qf3 Ke7 36. Rd3 Ne5 37. Qb7+ Kf6 38. Nd5+ Kf5 39. Rxd4 Rxb7 40.
Rf4+ Kxe6 41. Rf6+ Kd7 42. Rxa6 Rb2+ 43. Kg1 Nxc4 44. Nf6+ Kc7 45. Nxh5 Ne5 46.
Nf4 c4 47. Re6 Nf3+ 48. Kf1 c3 49. Re3 c2 50. Rc3+ Kd6 51. Ne2 Nd2+ 52. Kg2 Ne4
53. Rd3+ Ke5 54. Kf3 Rb1 55. Rd8 Rb3+ 56. Kg4 Re3 57. Nc1 Rxg3+ 58. Kh5 Nf6+
59. Kh6 Kf5 60. h5 Rg5 61. Rc8 Rxh5+ 62. Kg7 Rh7+ 0-1

[Event "Frauenbundesliga 2011-12"]
[Site "Germany GER"]
[Date "2011.10.30"]
[Round "2.5"]
[White "Krasnopeyeva, Julia"]
[Black "Sedina, Elena"]
[Result "0-1"]
[WhiteElo "1963"]
[BlackElo "2337"]
[PlyCount "68"]
[EventDate "2011.10.29"]
[EventType "team-tourn"]
[EventCountry "GER"]
[WhiteTeamCountry "GER"]
[BlackTeamCountry "GER"]

1. e4 Nf6 2. e5 Nd5 3. c4 Nb6 4. d4 d6 5. exd6 cxd6 6. Nc3 g6 7. Be3 Bg7 8. Rc1
O-O 9. Be2 Nc6 10. h3 d5 11. c5 Nc4 12. Bxc4 dxc4 13. Nf3 Bf5 14. O-O Bd3 15.
Ne2 e5 16. dxe5 Nxe5 17. Ne1 Be4 18. Ng3 Bc6 19. Qxd8 Raxd8 20. Rc2 Rd1 21. b3
Bb5 22. Ne2 Nd3 23. Nf3 Rxf1+ 24. Kxf1 Nb4 25. bxc4 Nxc2 26. cxb5 Nxe3+ 27.
fxe3 Rc8 28. Ned4 Rxc5 29. Ke2 a6 30. Kd3 axb5 31. Nd2 f5 32. N2b3 Rd5 33. Kc2
Kf7 34. Nf3 Bh6 0-1

[Event "Frauenbundesliga 2011-12"]
[Site "Germany GER"]
[Date "2011.10.30"]
[Round "2.6"]
[White "Schut, Lisa"]
[Black "Zemke, Christine"]
[Result "1-0"]
[WhiteElo "2290"]
[BlackElo "1753"]
[PlyCount "49"]
[EventDate "2011.10.29"]
[EventType "team-tourn"]
[EventCountry "GER"]
[WhiteTeam "OSG Baden Baden"]
[BlackTeam "TSV Schott Mainz"]
[WhiteTeamCountry "GER"]
[BlackTeamCountry "GER"]

1. e4 d5 2. exd5 Qxd5 3. Nc3 Qa5 4. d4 Nf6 5. Bd2 c6 6. Bc4 Qd8 7. Nf3 e6 8.
O-O Be7 9. Qe2 Nd5 10. Ne4 Nd7 11. a3 h6 12. Bd3 Qc7 13. c4 N5f6 14. Rac1 Nxe4
15. Bxe4 Nf6 16. Bb1 Bd6 17. Rc3 Bf4 18. Ne5 Bxd2 19. Qxd2 c5 20. Rg3 g5 21.
Rf3 Ke7 22. Re1 Rf8 23. d5 Qd6 24. h4 Nd7 25. Nxf7 1-0